Chính sách đối với thể dục thể thao vùng đồng bào dân tộc thiểu số, miền núi
Một số văn bản của Đảng và Nhà nước về thể dục thể thao vùng đồng bào dân tộc thiểu số, miền núi. Khái quát về thể dục thể thao quần chúng.
محفوظ في:
| المؤلف الرئيسي: | |
|---|---|
| مؤلفون آخرون: | |
| التنسيق: | كتاب |
| اللغة: | Vietnamese |
| منشور في: |
H.
Thể dục Thể thao
2016
|
| الموضوعات: | |
| الوسوم: |
إضافة وسم
لا توجد وسوم, كن أول من يضع وسما على هذه التسجيلة!
|
| Thư viện lưu trữ: | Mạng thư viện Đại học Đà Nẵng |
|---|
| LEADER | 01448aam a22003618a 4500 | ||
|---|---|---|---|
| 001 | 000023930 | ||
| 003 | 20383 | ||
| 005 | 20160509090502.0 | ||
| 008 | 160506s2016 viesd | ||
| 020 | |d 2500b | ||
| 041 | 0 | |a vie | |
| 082 | 1 | 4 | |2 23 |a 796.09597 |b LÊ-T |
| 100 | 1 | |a Lê Anh Thơ | |
| 245 | 1 | 0 | |a Chính sách đối với thể dục thể thao vùng đồng bào dân tộc thiểu số, miền núi |c Lê Anh Thơ, Nguyễn Ngọc Kim Anh |
| 260 | |a H. |b Thể dục Thể thao |c 2016 | ||
| 300 | |a 187 tr. |c 19 cm. | ||
| 504 | |a Thư mục tr.186-187 | ||
| 520 | |a Một số văn bản của Đảng và Nhà nước về thể dục thể thao vùng đồng bào dân tộc thiểu số, miền núi. Khái quát về thể dục thể thao quần chúng. | ||
| 650 | 0 | 4 | |2 Bộ TK TVQG |a Thể dục thể thao |x Chính sách |z Việt Nam |
| 650 | 7 | |2 Bộ TK TVQG | |
| 653 | |a Thể dục thể thao | ||
| 653 | |a Chính sách | ||
| 700 | 1 | |a Nguyễn Ngọc Kim Anh | |
| OWN | |a LSP | ||
| AVA | |a UDN50 |b LSP |d 796.09597 LÊ-T |e available |t Error 5001 Not defined in file expand_doc_bib_avail. |f 5 |g 0 |h N |i 0 |k 1 | ||
| 999 | |a From the UDN01 | ||
| AVA | |a UDN50 |b LSP |d 796.09597 LÊ-T |e available |t Error 5001 Not defined in file expand_doc_bib_avail. |f 5 |g 0 |h N |i 0 |k 1 | ||
| TYP | |a Monograph | ||
| TYP | |a Printed language | ||
| 980 | |a Mạng thư viện Đại học Đà Nẵng | ||